Statistics for Players to Finish Top 3 in the Ballon d'Or Whilst Playing in the UK

Click here to take the quiz!

General Stats

  • This quiz has been taken 93 times
  • The average score is 20 of 29

Answer Stats

YearRankPlayerTeamPoints% Correct
20081stCristiano RonaldoManchester United446
99%
20072ndCristiano RonaldoManchester United277
99%
20222ndSadio ManéLiverpool193
95%
20223rdKevin De BruyneManchester City175
93%
20053rdSteven GerrardLiverpool142
93%
20063rdThierry HenryArsenal121
93%
20032ndThierry HenryArsenal128
93%
20052ndFrank LampardChelsea148
92%
20011stMichael OwenLiverpool176
90%
20192ndVirgil van DijkLiverpool679
90%
19963rdAlan ShearerNewcastle United107
87%
19661stBobby CharltonManchester United81
82%
19672ndBobby CharltonManchester United40
82%
19682ndBobby CharltonManchester United53
82%
20083rdFernando TorresLiverpool179
77%
19992ndDavid BeckhamManchester United154
74%
20213rdJorginhoChelsea460
74%
19933rdEric CantonaManchester United34
73%
19702ndBobby MooreWest Ham United70
68%
19713rdGeorge BestManchester United56
65%
19681stGeorge BestManchester United61
65%
19561stStanley MatthewsBlackpool47
58%
19832ndKenny DalglishLiverpool26
56%
19641stDenis LawManchester United61
55%
19633rdJimmy GreavesTottenham Hotspur50
38%
19573rdDuncan EdwardsManchester United16
29%
19572ndBilly WrightWolverhampton Wanderers19
15%
19673rdJimmy JohnstoneCeltic39
14%
19613rdJohnny HaynesFulham22
8%

Score Distribution

Percentile by Number Answered

Percent of People with Each Score

Your Score History

You have not taken this quiz